书目信息 |
| 题名: |
白杨木的春天
|
|
| 作者: | 吕新 著 ;吴义勤 本册主编 | |
| 分册: | ||
| 出版信息: | 郑州 河南文艺出版社 2020 |
|
| 页数: | 222页 | |
| 开本: | 19cm | |
| 丛书名: | 百年中篇小说名家经典 | |
| 单 册: | ||
| 中图分类: | I247.57 | |
| 科图分类: | ||
| 主题词: | 中篇小说--小说集--中国--当代 | |
| 电子资源: | ||
| ISBN: | 978-7-5559-1041-1 | |
| 000 | 00763oam2 2200265 450 | |
| 001 | 004096196 | |
| 005 | 20210429131132.0 | |
| 010 | @a978-7-5559-1041-1@dCNY35.00 | |
| 100 | @a20210420d2020 em y0chiy0120 ea | |
| 101 | 0 | @achi |
| 102 | @aCN@b410000 | |
| 105 | @aa z 000ay | |
| 106 | @ar | |
| 200 | 1 | @a白杨木的春天@9bai yang mu de chun tian@f吕新著@g吴义勤本册主编 |
| 210 | @a郑州@c河南文艺出版社@d2020 | |
| 215 | @a222页@c照片@d19cm | |
| 225 | 2 | @a百年中篇小说名家经典 |
| 461 | 0 | @12001 @a百年中篇小说名家经典 |
| 586 | @a | |
| 606 | 0 | @a中篇小说@x小说集@y中国@z当代 |
| 690 | @aI247.57@v5 | |
| 701 | 0 | @a吕新@9lv xin@4著 |
| 702 | 0 | @a吴义勤@9wu yi qin@f(1966.2-)@4本册主编 |
| 801 | 0 | @aCN@c20210508 |
| 905 | @dI247.57@eL901@f2@sI247.57/L901@S@Z | |
| 白杨木的春天/吕新著/吴义勤本册主编.-郑州:河南文艺出版社,2020 |
| 222页:照片;19cm.-(百年中篇小说名家经典) |
| ISBN 978-7-5559-1041-1:CNY35.00 |
| ● |
| 相关链接 |
|
|
|
正题名:白杨木的春天
索取号:I247.57/L901
 
预约/预借
| 序号 | 登录号 | 条形码 | 馆藏地/架位号 | 状态 | 备注 |
| 1 | 21619328 | 216193287 | 文学库108/108文学库 50排3列5层/ [索取号:I247.57/L901] | 在馆 | |
| 2 | 21619329 | 216193296 | 文学库108/108文学库 50排3列5层/ [索取号:I247.57/L901] | 在馆 |